Catholic University of Zimbabwe Library
Online Public Access Catalogue
(OPAC)

The story of CO₂ : (Record no. 44565)

MARC details
000 -LEADER
fixed length control field 00958cam a22002537i 4500
008 - FIXED-LENGTH DATA ELEMENTS--GENERAL INFORMATION
fixed length control field 210625s2020 onca b 001 0 eng
010 ## - LIBRARY OF CONGRESS CONTROL NUMBER
LC control number 2020476253
020 ## - INTERNATIONAL STANDARD BOOK NUMBER
International Standard Book Number 9781487506360
Qualifying information (hardcover)
020 ## - INTERNATIONAL STANDARD BOOK NUMBER
Canceled/invalid ISBN 9781487533953
Qualifying information (electronic book)
040 ## - CATALOGING SOURCE
Original cataloging agency NLC
Language of cataloging eng
Transcribing agency CUZ
Description conventions rda
Modifying agency BDX
-- OCLCQ
-- NLC
-- OCLCF
-- CLE
-- OBE
-- YDX
-- GYG
-- CUZ
050 00 - LIBRARY OF CONGRESS CALL NUMBER
Classification number QD181.C1
Item number OZI
100 1# - MAIN ENTRY--PERSONAL NAME
Personal name Ozin, Geoffrey A.,
Relator term author.
245 14 - TITLE STATEMENT
Title The story of CO₂ :
Remainder of title big ideas for a small molecule /
Statement of responsibility, etc. Geoffrey A. Ozin and Mireille F. Ghoussoub.
264 #1 - PRODUCTION, PUBLICATION, DISTRIBUTION, MANUFACTURE, AND COPYRIGHT NOTICE
Place of production, publication, distribution, manufacture Toronto ;
-- Buffalo ;
-- London :
Name of producer, publisher, distributor, manufacturer Aevo UTP,
Date of production, publication, distribution, manufacture, or copyright notice [2020]
300 ## - PHYSICAL DESCRIPTION
Extent xviii, 253 pages :
Other physical details illustrations ;
Dimensions 24 cm
650 #0 - SUBJECT ADDED ENTRY--TOPICAL TERM
Topical term or geographic name entry element Carbon dioxide.
650 #0 - SUBJECT ADDED ENTRY--TOPICAL TERM
Topical term or geographic name entry element Carbon dioxide mitigation
942 ## - ADDED ENTRY ELEMENTS (KOHA)
Koha item type OS Book
336 ## - CONTENT TYPE
Content type term text
Content type code txt
337 ## - MEDIA TYPE
Media type term unmediated
Media type code n
338 ## - CARRIER TYPE
Source rdacarrier
Holdings
Withdrawn status Lost status Source of classification or shelving scheme Damaged status Not for loan Collection code Home library Current library Shelving location Date acquired Source of acquisition Inventory number Full call number Barcode Date last seen Price effective from Koha item type
          Non-fiction CUZ Harare Campus CUZ Harare Campus Open Shelf 31.08.2022 Donation CUZ14389 QD181.C1 OZI BK009403 22.05.2025   OS Book

OPENING HOURS

Weekdays: 0815hrs - 1800hrs
Weekends:0900hrs - 1200hrs

Closed for Mass:

Mon, Thur: 1200hrs - 1300hrs
Sunday & Public Holiday’s

CALL SUPPORT

0242-570570, 0242-570169
09200664, +263 8644140602

LOCATION

18443, Cranborne Avenue, Hatfield, Harare

Other Links


©2021 | CUZ Library